| 000 | 01522nam a2200421 i 4500 | ||
|---|---|---|---|
| 001 | 13894 | ||
| 003 | KOSZ 005 | ||
| 005 | 20240405063019.0 | ||
| 008 | 070916s1971 pl a |000 0 pol | ||
| 015 | _aPB 1971/5016 | ||
| 035 | _a(OCoLC)839161438 | ||
| 040 |
_aWA N _cWA N _dKOSZ 005/HR |
||
| 045 |
_bd1969 _bd1970 |
||
| 046 | _k1971 | ||
| 080 | _a001.894/.895(438) | ||
| 080 | _a(083.41) | ||
| 245 | 0 | 0 |
_aWynalazczość / _c[przewodn. zespół red. Janusz Stępiński]. |
| 260 |
_aWarszawa : _bGłówny Urząd Statystyczny, _c1971. |
||
| 300 |
_a135, [1] s., 2 k. tabl. : _bil., mapa, err. ; _c23 cm. _ewkładka pt. Niektóre dane z zakresu wynalzczości za 1970 r. : 3, [1] s. |
||
| 336 |
_2rdacontent _aTekst _btxt |
||
| 337 |
_2rdamedia _aBez urządzenia pośredniczącego _bn |
||
| 338 |
_2rdacarrier _aWolumin _bnc |
||
| 380 | _aKsiążki | ||
| 388 | _a1901-2000 | ||
| 388 | _a1945-1989 | ||
| 490 | 1 |
_aStudia i Prace Statystyczne / Główny Urząd Statystyczny Polskiej Rzeczypospolitej Ludowej ; _vnr 33. |
|
| 648 | 4 | _a1901-2000 | |
| 648 | 4 | _a1945-1989 | |
| 650 | 4 | _aWynalazki | |
| 650 | 4 | _aPatenty | |
| 651 | 4 | _aPolska | |
| 655 | 4 | _aDane statystyczne | |
| 658 | _aNauka i badania | ||
| 700 | 1 |
_aStępiński, Janusz _eRedakcja |
|
| 830 | 0 |
_aStudia i Prace Statystyczne - Główny Urząd Statystyczny _vz. 33 |
|
| 856 |
_uhttp://koha.tu.koszalin.pl/cgi-bin/koha/opac-detail.pl?biblionumber=13894 _yKatalog online BPK |
||
| 942 |
_2UKD _cKS |
||
| 999 |
_c13894 _d13894 |
||